00333nam a2200157Ia 4500003000900000008004100009040001300050040001300063041000800076245003300084250001000117260002300127260000900150300001000159490000600169IT-RoPAU120407s9999 xx 000 0 und d aIT-RoPAU cIT-RoPAU afra aDictionnaire des Personnages aParis aLaffont - Bompiani c1960 c27 cm v1